Aufbau von Anostraca (Kiemenfüßer) - Statistiken

Allgemein
  • Dieses Quiz wurde 19 mal gespielt
  • Das Durchschnittsergebnis liegt bei 5 aus 9
Antwortstatistiken
Bildquiz Antwort % Korrekt
1. 1. Antenne
100%
2. 2. Antenne
100%
3. 11 Paar Blattbeine
75%
4. Penis
75%
6. Furkalast
50%
5. Telson
25%
7. Abdomen : I-VI
25%
8. Thorax : 1-13
25%
9. Stielauge
25%
Keine übereinstimmenden Quizze gefunden
Verteilung der Resultate
Anzahl Personen mit jedem Resultat
Perzentil nach korrekt beantworteten Fragen
Ihre Resultats-Entwicklung
Sie haben dieses Quiz noch nicht gespielt